US States Quiz -Devil's Version - Statistics

General Stats
  • This quiz has been taken 80 times
  • The average score is 44 of 50
Answers on the Map
Answers color-coded by a green-red scale on the quiz's map according to % correct below.
 
Answer Stats
State % Correct
You got it!
96%
You got it!
96%
You got it!
94%
You got it!
94%
You got it!
94%
You got it!
94%
You got it!
94%
You got it!
93%
You got it!
93%
You got it!
93%
You got it!
93%
You got it!
91%
You got it!
91%
You got it!
91%
You got it!
91%
You got it!
91%
You got it!
91%
You got it!
90%
You got it!
90%
You got it!
90%
You got it!
90%
You got it!
90%
You got it!
90%
You got it!
90%
You got it!
90%
You got it!
88%
You got it!
88%
You got it!
88%
You got it!
88%
You got it!
88%
You got it!
88%
You got it!
88%
You got it!
88%
You got it!
87%
You got it!
87%
You got it!
87%
You got it!
87%
You got it!
87%
You got it!
87%
You got it!
85%
You got it!
85%
You got it!
85%
You got it!
85%
You got it!
85%
You got it!
84%
You got it!
84%
You got it!
84%
You got it!
82%
You got it!
82%
You got it!
75%
No matching quizzes found
Score Distribution
Percent of People with Each Score
Percentile by Number Answered
Your Score History
You have not taken this quiz